Cities of Calhoun County, Iowa - Statistics

General Stats
  • This quiz has been taken 10 times
  • The average score is 8 of 12
Answer Stats
Cities % Correct
2 Lake City
100%
6 Lohrville
100%
1 Rockwell City
100%
9 Knierim
67%
7 Lytton
67%
3 Manson
67%
4 Pomeroy
67%
8 Somers
67%
12 Yetter
67%
5 Farnhamville
33%
11 Jolley
33%
10 Rinard
33%
No matching quizzes found
Score Distribution
Percent of People with Each Score
Percentile by Number Answered
Your Score History
You have not taken this quiz